[Event "Avoine op 34th"]
[Site "Avoine"]
[Date "2019.07.20"]
[Round "3"]
[White "Thorel, Gregoire"]
[Black "Msellek, Ilyass"]
[Result "0-1"]
[WhiteElo "1834"]
[BlackElo "2237"]
[PlyCount "57"]
[EventDate "2019.07.20"]
[EventType "swiss"]
[EventRounds "9"]
[EventCountry "FRA"]
[SourceTitle "EXT 2020"]
[Source "ChessBase"]
[SourceDate "2019.10.17"]
[SourceVersion "1"]
[SourceVersionDate "2019.10.17"]
[SourceQuality "1"]

1. b3 a5 2. a3 Nf6 3. Bb2 d5 4. e3 Bf5 5. Nf3 e6 6. h3 h6 7. Be2 Nbd7 8. d3 Bd6 9. Nd4 Bh7 10. f4 c6 11. Qd2 e5 12. Nf3 Qc7 13. fxe5 Nxe5 14. Nc3 Nxf3+ 15. Bxf3 Bg3+ 16. Kd1 0-0 17. Ne2 Be5 18. Kc1 Rfe8 19. Re1 c5 20. Nc3 Bg3 21. Re2 d4 22. Nd1 a4 23. Kb1 axb3 24. exd4 c4 25. Ne3 bxc2+ 26. Nxc2 cxd3 27. Rxe8+ Rxe8 28. Nb4 Re2 29. Bc3 0-1